Los fichajes más caros del fútbol - Futbolistas holandeses - Estadísticas

Estadísticas generales
  • Esta prueba ha sido intentada 96 veces
  • La puntuación promedio es 8 de 10
Estadísticas de respuestas
Coste (M €) Temporada Último club Nuevo club Jugador % Correcto
86,00 2019-2020 Ajax FC Barcelona Frenkie de Jong
100%
85,50 2019-2020 Ajax Juventus Matthijs de Ligt
98%
67,00 2022-2023 Juventus Bayern Múnich Matthijs de Ligt
98%
40,00 2023-2024 VfL Wolfsburgo Tottenham Micky van de Ven
98%
84,65 2017-2018 Southampton Liverpool Virgil van Dijk
93%
45,30 2020-2021 Bournemouth Manchester City Nathan Aké
84%
42,00 2022-2023 PSV Eindhoven Liverpool Cody Gakpo
79%
40,00 2023-2024 Bayern Múnich Liverpool Ryan Gravenberch
70%
39,00 2020-2021 Ajax Manchester United Donny van de Beek
69%
40,00 2023-2024 Ajax Arsenal Jurrien Timber
62%
No se encontraron pruebas coincidentes
Distribución de puntuación
Porcentaje de gente con cada puntuación
Porcentaje por número respondido
Historial de tus puntuaciones
No has intentado esta prueba.